00877cam a2200217 a 450000100100000000500170001000800410002704000250006808200150009310000250010824500290013326000570016230000200021950501340023950400310037365000290040460000500043370000380048395201250052199900130064600000098220200929145446.0731010s1971 gw b 000 0bspa d aDO-SdBNPbspacBNPHU a838bM281b1 aBanuls, Andre.9344210aHeinrich Mann 1871/1971. aGermany :bInter Nationes Bonn Bad Godesberg,c1971. a29 p. ;c25 cm.0 aBanuls, A. Heinrich Mann, the Romantic.--Kantorowicz, A. Heinrich Mann as a champion of Franco-German understanding.--Chronology. aBibliografía : p. 28-29. 4aLiteratura alemana9327410aMANN, HEINRICHd1871-1950.xBIOGRAFÍA934431 aKantorowicz, Alfred,d1899-93444 001052758DSaBNPHUbBNPHUcHDd2009-09-04iLF1l0o838 M281bp982-10r2020-06-25w2020-06-25yLF1ZPréstamo interno c968d968